| 000 | 02279nam a2200553 i 4500 | ||
|---|---|---|---|
| 001 | 10477 | ||
| 003 | KOSZ 005 | ||
| 005 | 20200424100914.0 | ||
| 008 | 070620s1969 pl a |000 0 pol | ||
| 015 | _aUWD 1969/5237 | ||
| 035 | _a991036414469705066 | ||
| 035 | _a(PL-WaBN)b19780928-48omnis_nlop | ||
| 035 | _ab19780928 | ||
| 035 | _a(OCoLC)839151584 | ||
| 035 | _a(PL)b0000001978092 | ||
| 035 | _a(EXLNZ-48OMNIS_NETWORK)9910114531205606 | ||
| 040 |
_aWA N _cWA N _bKOSZ 005/AR |
||
| 041 | 0 |
_apol _beng |
|
| 044 | _apl | ||
| 080 | _a674 | ||
| 080 | _a674.02/.07 | ||
| 100 | 1 |
_aCzechowski, Zdzisław _eAutor |
|
| 245 | 1 | 0 |
_aBadania nad termicznym rozkładem drewna gatunków tropikalnych i fizykochemicznymi właściwościami otrzymanych produktów / _cZdzisław Czechowski ; Poznańskie Towarzystwo Przyjaciół Nauk. Wydział Nauk Technicznych. |
| 260 |
_aPoznań : _bPoznańskie Towarzystwo Przyjaciół Nauk, _c1969. |
||
| 300 |
_astrony 321-289, [1] strona : _bilustracje ; _c23 cm. |
||
| 336 |
_aTekst _btxt _2rdacontent |
||
| 337 |
_aBez urządzenia pośredniczącego _bn _2rdamedia |
||
| 338 |
_aWolumin _bnc _2rdacarrier |
||
| 380 | _aKsiążki | ||
| 380 | _aPublikacje naukowe | ||
| 380 | _aPublikacje fachowe | ||
| 388 | _a1901-2000 | ||
| 388 | _a1945-1989 | ||
| 490 | 1 |
_aPrace Komisji Technologii Drewna / Poznańskie Towarzystwo Nauk. Wydział Nauk Technicznych ; _vt. 2 z.6 _x0079-4724 |
|
| 504 | _aBibliografia na stronach 67-70. | ||
| 546 | _aStreszczenie w języku angielskim. | ||
| 650 | 7 |
_aDrewno _2DBN |
|
| 650 | 7 |
_aDrewno egzotyczne _2DBN |
|
| 650 | 7 |
_aTechnologia drewna _2DBN |
|
| 650 | 7 | _aFizykochemiczne metody badawcze | |
| 655 | _aRaport z badań | ||
| 658 | _aInżynieria i technika | ||
| 710 | _aPoznańskie Towarzystwo Przyjaciół Nauk. Wydział Nauk Technicznych | ||
| 710 |
_4pbl _aPoznańskie Towarzystwo Przyjaciół Nauk |
||
| 830 | 0 |
_aPrace Komisji Technologii Drewna - Poznańskie Towarzystwo Przyjaciół Nauk. Wydział Nauk Technicznych ; _vt. 2 z. 6 |
|
| 856 |
_uhttp://koha.tu.koszalin.pl/cgi-bin/koha/opac-detail.pl?biblionumber=10477 _yKatalog online BPK |
||
| 942 |
_2UKD _cKS |
||
| 999 |
_c10477 _d10477 |
||